000 00267nam a2200109Ia 4500
008 190216s9999||||xx |||||||||||||| ||und||
100 _aSingh Y.P
245 0 _aEffective Investment Management
260 _bHimalaya Publishing House
_c2002
300 _a262
942 _cBK
999 _c6165
_d6165